Hardest JetPunk Answers - Statistics

General Stats
  • This quiz has been taken 68 times
  • The average score is 4 of 20
Answer Stats
Quiz Answer % Correct
Countries of the World São Tomé and Príncipe
61%
Countries of Europe Montenegro
54%
Santa's Reindeer Vixen
37%
7 Deadly Sins Pride
25%
Spanish Speaking Countries Equatorial Guinea
23%
Signs of the Zodiac Aries
21%
Countries of Asia Cyprus
19%
US States Massachusetts
19%
Three Letter Body Parts Gum
18%
World Capitals Ngerulmud
16%
US Presidents Rutherford B. Hayes
16%
English Speaking Countries Guyana
12%
Pixar Movies Ratatouille
9%
Greek Alphabet Xi
9%
Landlocked Countries Ethiopia
7%
US State Capitals Concord
5%
Pokemon Exeggutor
2%
Top World Languages Awadhi
0%
Common Last Names Hall
0%
Periodic Table Meitnerium
0%
No matching quizzes found
Score Distribution
Percent of People with Each Score
Percentile by Number Answered
Your Score History
You have not taken this quiz